[Event "Lisbon Portugal rapid 2op"]
[Site "Lisbon"]
[Date "2020.02.02"]
[Round "4"]
[White "Porteman, Eric"]
[Black "Veiga, Jose Francisco RP"]
[Result "0-1"]
[WhiteElo "1834"]
[BlackElo "2312"]
[PlyCount "34"]
[EventDate "2020.01.02"]
[EventType "swiss (rapid)"]
[EventRounds "8"]
[EventCountry "POR"]
[SourceTitle "CBM 194 Extra"]
[Source "ChessBase"]
[SourceDate "2020.03.31"]
[SourceVersion "1"]
[SourceVersionDate "2020.03.31"]
[SourceQuality "1"]

1. c4 e5 2. Nc3 d6 3. g3 Be6 4. d3 Nc6 5. Bg2 Qd7 6. Rb1 Nge7 7. b4 g6 8. e3 Bg7 9. Nge2 Bh3 10. 0-0 h5 11. Bd2 h4 12. Qe1 Bxg2 13. Kxg2 hxg3 14. fxg3 Qh3+ 15. Kf3 e4+ 16. Kxe4 Qg4+ 17. Nf4 f5# 0-1

[Event "BEL-chT 1011"]
[Site "Belgium"]
[Date "2011.02.06"]
[Round "8.7"]
[White "Porteman, Eric"]
[Black "Vandenbussche, Thibaut"]
[Result "0-1"]
[WhiteElo "1954"]
[BlackElo "2374"]
[PlyCount "70"]
[EventDate "2010.09.26"]
[EventType "team-tourn"]
[EventRounds "11"]
[EventCountry "BEL"]
[SourceTitle "EXT 2012"]
[Source "ChessBase"]
[SourceDate "2011.11.24"]
[SourceVersion "1"]
[SourceVersionDate "2011.11.24"]
[SourceQuality "1"]
[WhiteTeam "Liege Crelel"]
[BlackTeam "KGSRL"]
[WhiteTeamCountry "BEL"]
[BlackTeamCountry "BEL"]

1. c4 g6 2. Nc3 Bg7 3. g3 d6 4. Bg2 e5 5. d3 Nc6 6. e3 f5 7. Nge2 Nf6 8. 0-0 0-0 9. Rb1 a5 10. a3 Ne7 11. b4 axb4 12. axb4 g5 13. f4 gxf4 14. exf4 Ng6 15. Bd2 exf4 16. Nxf4 Ng4 17. Bd5+ Kh8 18. Kg2 Nxf4+ 19. Rxf4 c6 20. Bf3 Ne5 21. Be2 Ng6 22. Rf1 f4 23. Qc2 Qd7 24. Ne4 d5 25. Nf2 c5 26. cxd5 fxg3 27. hxg3 Bd4 28. Bf3 Ne5 29. Bf4 Rxf4 30. Be4 Rxf2+ 31. Rxf2 Qh3+ 32. Kg1 Qxg3+ 33. Kf1 Bh3+ 34. Bg2 Bxg2+ 35. Rxg2 Rf8+ 0-1

[Event "BEL FEFB-ch op"]
[Site "Fontaine l'Eveque"]
[Date "2009.05.30"]
[Round "3"]
[White "Sauveniere, Herve"]
[Black "Porteman, Eric"]
[Result "0-1"]
[WhiteElo "1493"]
[BlackElo "1957"]
[PlyCount "63"]
[EventDate "2009.05.29"]
[EventType "swiss"]
[EventRounds "7"]
[EventCountry "BEL"]
[SourceTitle "EXT 2012"]
[Source "ChessBase"]
[SourceDate "2011.11.24"]
[SourceVersion "1"]
[SourceVersionDate "2011.11.24"]
[SourceQuality "1"]

1. d4 Nf6 2. Nf3 c5 3. c3 e6 4. e3 Be7 5. Bd3 0-0 6. 0-0 d5 7. Nbd2 c4 8. Bc2 Nc6 9. e4 b5 10. e5 Nd7 11. Re1 b4 12. Nf1 f5 13. exf6 Nxf6 14. Ng5 Qd6 15. Ng3 e5 16. dxe5 Nxe5 17. Bf4 Nfg4 18. Bxe5 Nxe5 19. Bxh7+ Kh8 20. Qh5 Bxg5 21. Rxe5 Bh6 22. Bc2 bxc3 23. bxc3 Qf6 24. Qe2 Qb6 25. Rxd5 Be6 26. Rb1 Qxf2+ 27. Qxf2 Rxf2 28. Kxf2 Bxd5 29. Be4 Rf8+ 30. Ke2 Be6 31. h3 Bf4 32. Rf1 0-1

[Event "BEL FEFB-ch"]
[Site "Fontaine l'Eveque"]
[Date "2004.??.??"]
[Round "7"]
[White "Porteman, Eric"]
[Black "Lieutenant, Georges"]
[Result "1-0"]
[WhiteElo "1988"]
[BlackElo "2037"]
[PlyCount "93"]
[EventDate "2004.05.20"]
[EventType "swiss"]
[EventRounds "7"]
[EventCountry "BEL"]
[SourceTitle "EXT 2008"]
[Source "ChessBase"]
[SourceDate "2007.11.25"]
[SourceVersion "1"]
[SourceVersionDate "2007.11.25"]
[SourceQuality "1"]

1. c4 c6 2. b3 d5 3. Bb2 Nd7 4. Nf3 Ngf6 5. e3 g6 6. Nc3 e6 7. Be2 Bg7 8. Ba3 Ne4 9. Qc1 Nxc3 10. dxc3 dxc4 11. bxc4 c5 12. 0-0 0-0 13. Nd2 Qa5 14. Ne4 f5 15. Ng5 Re8 16. Bb2 h6 17. Nh3 e5 18. Qd2 Nf6 19. f3 Rd8 20. Qc2 Be6 21. Nf2 Qa6 22. Nd3 Nd7 23. e4 fxe4 24. fxe4 Bxc4 25. a3 Bxd3 26. Bxd3 c4 27. Be2 Nc5 28. a4 Nd3 29. Ba3 Qb6+ 30. Kh1 Nf2+ 31. Rxf2 Qc7 32. Qa2 Rac8 33. Raf1 Qc6 34. Qc2 Rc7 35. h3 a6 36. Bb4 Rcd7 37. Bg4 Rd3 38. Qe2 h5 39. Bf3 Qxa4 40. Qa2 Qc6 41. Be2 Qxe4 42. Bxd3 Rxd3 43. Qa4 Rxh3+ 44. Kg1 Rg3 45. Qd7 h4 46. Bf8 Bf6 47. Qe6+ 1-0

[Event "BEL FEFB-ch"]
[Site "Fontaine l'Eveque"]
[Date "2004.??.??"]
[Round "5"]
[White "Wlogalski, Olivier"]
[Black "Porteman, Eric"]
[Result "0-1"]
[WhiteElo "1935"]
[BlackElo "1988"]
[PlyCount "68"]
[EventDate "2004.05.20"]
[EventType "swiss"]
[EventRounds "7"]
[EventCountry "BEL"]
[SourceTitle "EXT 2008"]
[Source "ChessBase"]
[SourceDate "2007.11.25"]
[SourceVersion "1"]
[SourceVersionDate "2007.11.25"]
[SourceQuality "1"]

1. b3 e5 2. Bb2 Nc6 3. e3 d5 4. Bb5 Bd6 5. c4 a6 6. Ba4 Nf6 7. Qc2 0-0 8. Bxc6 bxc6 9. c5 Be7 10. Bxe5 Ne4 11. d4 f6 12. Bg3 Bf5 13. Qb2 Qd7 14. Ne2 Rfb8 15. 0-0 a5 16. Nd2 Ng5 17. Qc3 Nf7 18. f3 g5 19. e4 Bg6 20. a3 h5 21. b4 f5 22. Bf2 Qc8 23. Rfe1 Qa6 24. exd5 cxd5 25. Nf4 gxf4 26. Rxe7 axb4 27. Qb3 bxa3 28. Qxd5 a2 29. Bh4 Rd8 30. Rd7 Rxd7 31. Qxd7 Qd3 32. Qe6 Qxd4+ 33. Bf2 Qxa1+ 34. Nf1 Qxf1+ 0-1

[Event "BEL-ch op"]
[Site "Eupen"]
[Date "2003.07.08"]
[Round "4"]
[White "Plumanns, Dieter"]
[Black "Porteman, Eric"]
[Result "1-0"]
[WhiteElo "2210"]
[BlackElo "2078"]
[PlyCount "83"]
[EventDate "2003.07.05"]
[EventType "swiss"]
[EventRounds "9"]
[EventCountry "BEL"]
[SourceTitle "CBM 095 Extra"]
[Source "ChessBase"]
[SourceDate "2003.09.04"]
[SourceVersion "1"]
[SourceVersionDate "2003.09.04"]
[SourceQuality "1"]

1. e4 e6 2. d4 d5 3. exd5 exd5 4. c4 Nf6 5. Nc3 Bb4 6. Nf3 0-0 7. Be2 dxc4 8. Bxc4 Qe7+ 9. Ne5 Be6 10. 0-0 Bxc4 11. Nxc4 Re8 12. Bg5 Qe6 13. d5 Qf5 14. Bxf6 Qxf6 15. Qa4 Na6 16. Rfe1 Red8 17. Re3 Qd4 18. Re4 Qf6 19. Rae1 h6 20. Re5 Qg6 21. Ne3 Bxc3 22. bxc3 Nc5 23. Qd4 Ne6 24. Qc4 Ng5 25. Kh1 Qb6 26. Nf5 Kh7 27. f4 Re8 28. Ne7 Qa6 29. Qxa6 bxa6 30. fxg5 Rab8 31. Kg1 Rb7 32. R1e2 Rb1+ 33. Kf2 Reb8 34. gxh6 gxh6 35. Rf5 Kg7 36. h4 R8b2 37. Rfe5 a5 38. Nf5+ Kg6 39. Nd4 Rb6 40. h5+ Kh7 41. Rf5 Kg7 42. Re7 1-0

[Event "BEL FEFB-ch"]
[Site "Amay"]
[Date "2003.05.30"]
[Round "2"]
[White "Lombart, Philippe"]
[Black "Porteman, Eric"]
[Result "1-0"]
[WhiteElo "2072"]
[BlackElo "1939"]
[PlyCount "87"]
[EventDate "2003.05.29"]
[EventType "swiss"]
[EventRounds "7"]
[EventCountry "BEL"]
[SourceTitle "EXT 2008"]
[Source "ChessBase"]
[SourceDate "2007.11.25"]
[SourceVersion "1"]
[SourceVersionDate "2007.11.25"]
[SourceQuality "1"]

1. d4 Nf6 2. c4 c5 3. d5 e6 4. Nc3 exd5 5. cxd5 d6 6. e4 g6 7. f4 Bg7 8. Bb5+ Nfd7 9. a4 0-0 10. Nf3 Na6 11. 0-0 Nc7 12. Be2 Re8 13. Nd2 Nf6 14. Bf3 Rb8 15. Nc4 b6 16. e5 dxe5 17. fxe5 Nd7 18. e6 fxe6 19. d6 Na6 20. Ne4 h6 21. Nf2 Nb4 22. Be4 Ba6 23. Ne3 Ne5 24. Re1 Rf8 25. Neg4 h5 26. Nxe5 Bxe5 27. Bh6 Rxf2 28. Kxf2 Qh4+ 29. Ke3 Bd4+ 30. Kd2 Qf2+ 31. Re2 Bxe2 32. Qxe2 Qxe2+ 33. Kxe2 Kh7 34. Bg5 Be5 35. d7 Bc7 36. Rd1 Nd5 37. Bxd5 exd5 38. Rxd5 Bd8 39. Kd3 Bxg5 40. Rxg5 Rd8 41. Rd5 Kg7 42. Kc4 a6 43. a5 bxa5 44. Kxc5 1-0

[Event "BEL FEFB-ch"]
[Site "Charleroi"]
[Date "2001.06.02"]
[Round "5"]
[White "Porteman, Eric"]
[Black "Laurent, Bruno"]
[Result "0-1"]
[WhiteElo "2010"]
[BlackElo "2316"]
[PlyCount "104"]
[EventDate "2001.05.??"]
[EventType "swiss"]
[EventRounds "7"]
[EventCountry "BEL"]
[SourceTitle "EXT 2005"]
[Source "ChessBase"]
[SourceDate "2004.11.15"]
[SourceVersion "1"]
[SourceVersionDate "2004.11.15"]
[SourceQuality "1"]

1. c4 c5 2. Nf3 Nc6 3. d4 cxd4 4. Nxd4 g6 5. Nc3 Bg7 6. Nc2 d6 7. g3 Bxc3+ 8. bxc3 Qa5 9. Bb2 Be6 10. Bg2 Nf6 11. Ne3 0-0 12. 0-0 Ne5 13. Qb3 Rab8 14. Nd5 Bxd5 15. cxd5 Rfc8 16. Rac1 Nc4 17. Rfd1 b5 18. Ba1 Rc5 19. Rd4 Rbc8 20. Rcd1 Nb6 21. e3 Rc4 22. Bf1 Rxd4 23. Rxd4 Rc5 24. e4 Nfd7 25. Rb4 a6 26. f4 Nc4 27. Bxc4 bxc4 28. Qc2 Rb5 29. Kg2 Qb6 30. Kf3 Nc5 31. Rxc4 Rb1 32. Rb4 Rxb4 33. cxb4 Qxb4 34. a3 Qe1 35. Bd4 Qh1+ 36. Kg4 h5+ 37. Kh3 Qf1+ 38. Kh4 Qf3 39. Kh3 Qxe4 40. Qxe4 Nxe4 41. Kg2 Kf8 42. Kf3 f5 43. Ke3 Kf7 44. Kd3 e6 45. Kc4 Nd2+ 46. Kb4 exd5 47. Bc3 Nf3 48. Bb2 Ke6 49. h4 Nd2 50. Bc3 Ne4 51. Be1 Kd7 52. Ka5 d4 0-1

[Event "BEL FEFB-ch"]
[Site "Charleroi"]
[Date "2000.06.11"]
[Round "6"]
[White "Porteman, Eric"]
[Black "Uhoda, Philippe"]
[Result "1-0"]
[WhiteElo "1932"]
[BlackElo "2185"]
[PlyCount "81"]
[EventDate "2000.06.??"]
[EventType "swiss"]
[EventRounds "7"]
[EventCountry "BEL"]
[SourceTitle "EXT 2003"]
[Source "ChessBase"]
[SourceDate "2002.11.25"]
[SourceVersion "1"]
[SourceVersionDate "2002.11.25"]
[SourceQuality "1"]

1. c4 e6 2. Nf3 d5 3. b3 Nf6 4. Bb2 Be7 5. g3 0-0 6. Bg2 b6 7. 0-0 Bb7 8. e3 Nbd7 9. Qc2 c5 10. d3 Qc7 11. Nc3 Rac8 12. Rfe1 Qb8 13. Rad1 Rfd8 14. Qe2 dxc4 15. bxc4 Ng4 16. e4 Nde5 17. Nxe5 Nxe5 18. f4 Nc6 19. Qg4 Nd4 20. Nb5 a6 21. Nxd4 cxd4 22. Rf1 b5 23. f5 Qe5 24. Bc1 exf5 25. Rxf5 Qe6 26. Rdf1 bxc4 27. Bh3 cxd3 28. Rxf7 Qxg4 29. Bxg4 Rxc1 30. Rxe7 Rxf1+ 31. Kxf1 Bc6 32. Be6+ Kh8 33. Bb3 g6 34. Ke1 a5 35. Bc4 h6 36. Kd2 g5 37. Kxd3 h5 38. Re5 h4 39. Rxg5 hxg3 40. hxg3 Kh7 41. Rxa5 1-0